[Event "Sao Paulo Hebraica op 33rd"]
[Site "Sao Paulo"]
[Date "2024.06.30"]
[Round "6"]
[White "Barberi, Catarina"]
[Black "De Oliveira Jr, Joel Soares"]
[Result "0-1"]
[WhiteElo "1708"]
[BlackElo "1921"]
[PlyCount "100"]
[EventDate "2024.06.28"]
[EventType "swiss"]
[EventRounds "6"]
[EventCountry "BRA"]
[SourceTitle "CBM 221 Extra"]
[Source "ChessBase"]
[SourceDate "2024.09.30"]
[SourceVersion "1"]
[SourceVersionDate "2024.09.30"]
[SourceQuality "1"]

1. d4 e6 2. c4 d5 3. Nf3 Bb4+ 4. Bd2 Qe7 5. Qc2 Nc6 6. g3 Nf6 7. Bg2 0-0 8. a3 Bxd2+ 9. Nbxd2 Rd8 10. 0-0 Nb8 11. Rac1 c6 12. Rfd1 Nbd7 13. e4 dxe4 14. Nxe4 b6 15. Nxf6+ Nxf6 16. Ne5 Bb7 17. Bxc6 Rac8 18. Bxb7 Qxb7 19. Qe2 h6 20. Qf3 Qb8 21. Ng4 Nh7 22. Qe3 Qb7 23. Qe1 Ng5 24. Qf1 Nf3+ 25. Kh1 Ne5+ 26. Qg2 Qxg2+ 27. Kxg2 Nxg4 28. b4 Kf8 29. c5 Ke7 30. Rb1 Nf6 31. Rb3 Ne4 32. Rbd3 Nf6 33. f3 Rd5 34. Kf2 g5 35. Ke3 Ne8 36. Rc1 f6 37. Rcc3 b5 38. Rc2 Rcd8 39. Rcd2 e5 40. Ke4 Rxd4+ 41. Rxd4 Rxd4+ 42. Rxd4 exd4 43. Kxd4 Ke6 44. g4 Nc7 45. Ke4 Nd5 46. Kd4 Ne7 47. Ke4 f5+ 48. gxf5+ Nxf5 49. Kd3 Kd5 50. h3 Nd4 0-1